El espectador / (Registro nro. 18931)
[ vista simple ]
| 000 -CABECERA | |
|---|---|
| campo de control de longitud fija | 00756cam a2200217 a 4500 |
| 001 - NÚMERO DE CONTROL | |
| campo de control | 000019415 |
| 005 - FECHA Y HORA DE LA ÚLTIMA TRANSACCIÓN | |
| campo de control | 20200929170018.0 |
| 008 - DATOS DE LONGITUD FIJA--INFORMACIÓN GENERAL | |
| campo de control de longitud fija | 790731s1966 sp 001 e spa d |
| 040 ## - FUENTE DE LA CATALOGACIÓN | |
| Centro catalogador/agencia de origen | DO-SdBNP |
| Lengua de catalogación | spa |
| Centro/agencia modificador | BNPHU |
| 082 ## - NÚMERO DE LA CLASIFICACIÓN DECIMAL DEWEY | |
| Número de clasificación | 864.6 |
| Número de documento/Ítem | Ó77es |
| 100 1# - ENTRADA PRINCIPAL--NOMBRE DE PERSONA | |
| Nombre de persona | Ortega y Gasset, José, |
| Fechas asociadas al nombre | 1883-1955. |
| 9 (RLIN) | 5769 |
| 245 13 - MENCIÓN DE TÍTULO | |
| Título | El espectador / |
| Mención de responsabilidad, etc. | José Ortega y Gasset. |
| 260 ## - PUBLICACIÓN, DISTRIBUCIÓN, ETC. | |
| Lugar de publicación, distribución, etc. | Madrid : |
| Nombre del editor, distribuidor, etc. | Espasa-Calpe, |
| Fecha de publicación, distribución, etc. | 1966. |
| 300 ## - DESCRIPCIÓN FÍSICA | |
| Extensión | v. ; |
| Dimensiones | 18 cm. |
| 490 1# - MENCIÓN DE SERIE | |
| Mención de serie | Austral. Verde: ensayos y filosofía |
| Designación de volumen o secuencia | 1381, |
| -- | 1407, |
| -- | 1414, |
| -- | 1420 |
| 500 ## - NOTA GENERAL | |
| Nota general | Incluye índice de autores. |
| 650 #4 - PUNTO DE ACCESO ADICIONAL DE MATERIA--TÉRMINO DE MATERIA | |
| Término de materia o nombre geográfico como elemento de entrada | Ensayos españoles |
| 9 (RLIN) | 3095 |
| 650 #4 - PUNTO DE ACCESO ADICIONAL DE MATERIA--TÉRMINO DE MATERIA | |
| Término de materia o nombre geográfico como elemento de entrada | Literatura española |
| Subdivisión cronológica | SIGLO XX |
| 9 (RLIN) | 3326 |
| 830 #0 - PUNTO DE ACCESO ADICIONAL DE SERIE-TÍTULO UNIFORME | |
| Título uniforme | Austral. |
| Nombre de parte o sección de la obra | Verde: ensayos y filosofía; |
| Designación de volumen o secuencia | 1381, |
| -- | 1390, |
| -- | 1407, |
| -- | 1414, |
| -- | 1420 |
| 9 (RLIN) | 8733 |
| 910 ## - DATOS DE OPCIÓN DEL USUARIO (OCLC) | |
| Datos de opción del usuario | En proceso |
| Estado de retiro | Estado de pérdida | Restricciones de uso | No para préstamo | Código de colección | Localización permanente | Ubicación/localización actual | Ubicación en estantería | Fecha de adquisición | Número de inventario | Total de préstamos | Signatura topográfica completa | Código de barras | Fecha visto por última vez | Precio válido a partir de | Tipo de ítem Koha |
|---|---|---|---|---|---|---|---|---|---|---|---|---|---|---|---|
| Monografías: Libros y Folletos | General | General | Depósito | 28.06.2010 | LF1 | 864.6 Ó77es | v.1 | 19415-10 | 25.06.2020 | 25.06.2020 | Préstamo en sala | |||||
| Monografías: Libros y Folletos | General | General | Depósito | 23.07.2010 | LF1 | 864.6 Ó77es | v.3-4 | 19415-20 | 25.06.2020 | 25.06.2020 | Préstamo en sala | |||||
| Monografías: Libros y Folletos | General | General | Depósito | 15.12.2010 | LF1 | 864.6 Ó77es | v.5-6 | 19415-30 | 25.06.2020 | 25.06.2020 | Préstamo en sala | |||||
| Monografías: Libros y Folletos | General | General | Depósito | 15.12.2010 | LF1 | 864.6 Ó77es | v.7-8 | 19415-40 | 25.06.2020 | 25.06.2020 | Préstamo en sala | |||||
| Monografías: Libros y Folletos | General | General | Depósito | 16.12.2010 | LF1 | 864.6 Ó77es | v.2 | 19415-50 | 25.06.2020 | 25.06.2020 | Préstamo en sala |
